| 000 | 00964nam a2200241 a 4500 | ||
|---|---|---|---|
| 001 | 1492 | ||
| 003 | BR-CuiBMT | ||
| 005 | 20231212174111.0 | ||
| 008 | 231128s2018 mgba 000 0 por d | ||
| 040 |
_aBR-CuiBMT _cBR-CuiBMT |
||
| 080 |
_a336.132.1 _x(815.1) _22007 |
||
| 090 |
_a336.132.1(815.1) _bT822n |
||
| 110 | 1 | _aTribunal de Contas do Estado de Minas Gerais. | |
| 245 | 1 | 0 |
_aNa ponta do lápis : _brelatório de resultados : biênio 2017-2018 / _cTribunal de Contas do Estado de Minas Gerais ; Marcos Presídio (Conselheiro Relator). |
| 260 |
_a[Belo Horizonte] : _bTCE-MG, _c2018. |
||
| 300 |
_a185 p. : _bil. color. ; _c25 x 25 cm |
||
| 500 | _a"A escola na formação." "O tribunal na fiscalização." | ||
| 504 | _aInclui bibliografia. | ||
| 650 |
_aControle externo _vOrçamento _zMinas Gerais |
||
| 650 |
_a Contas do governo _xRelatórios e pareceres _zMinas Gerais |
||
| 650 |
_aPrestação de contas _xRelatório _zMinas Gerais |
||
| 942 |
_2udc _cLV |
||
| 999 |
_c1492 _d1492 |
||